Die politische Philosophie Michael Walzers
Saved in:
| Main Author: | |
|---|---|
| Format: | Book |
| Language: | German |
| Published: |
Wiesbaden :
Westdeutscher Verlag,
2000
|
| Subjects: | |
| Tags: |
Add Tag
No Tags, Be the first to tag this record!
|
MARC
| LEADER | 00000cam a2200000 i 4500 | ||
|---|---|---|---|
| 001 | 1/38780 | ||
| 008 | 030728s2000 ger d | ||
| 020 | |a 3-531-13512-0 | ||
| 035 | |l 10070505 | ||
| 040 | |a GR-MY-UA |b gre |e aacr | ||
| 041 | 0 | |a ger | |
| 082 | 0 | |a 320.01 | |
| 100 | 1 | |a Haus, Michael. | |
| 245 | 1 | 4 | |a Die politische Philosophie Michael Walzers / |c Michael Haus |
| 260 | |a Wiesbaden : |b Westdeutscher Verlag, |c 2000 | ||
| 300 | |a 383 p. | ||
| 600 | 1 | 0 | |a Walzer, Michael. |
| 650 | 0 | 0 | |a Political science |x Philosophy. |
| 852 | |a INST |b RHODES |e 20030728 |h 320.01 HAU |p 005400020130 |q 005400020130 |t BK |y 0 | ||
| 901 | |a BIBL4-2003-3 | ||
| 909 | |a Ρ |b 105371 | ||
| 922 | |a 4ΕΛΗ |b 200305 |c ΕΠΕΑΕΚ2/ΤΕΠΑΕΣ |d ΠΑΠΑΣΩΤΗΡΙΟΥ | ||
| 950 | |a 096-2002-10-08 | ||
| 970 | |a ΚΟΥΛΑΚΙΟΤΗ |b ΛΙΤΣΑ |z 2003/09/10 | ||